Kompostér na výrobu bioplynu

Salvato in:
Dettagli Bibliografici
Autore principale: Čička, Matej (Autore)
Altri autori: Paliatka, Peter (Relatore della tesi)
Natura: Manoscritto Libro
Lingua:slovacco
Pubblicazione: Bratislava 2019
Soggetti:
Accesso online:http://is.stuba.sk/zp/portal_zp.pl?podrobnosti=139705
Tags: Aggiungi Tag
Nessun Tag, puoi essere il primo ad aggiungerne!!

MARC

LEADER 00000ntm a22000003a 4500
001 stuzp74837
003 SK-STU
005 20200909110403.7
007 ta
008 150427s2015----xo-----f-mn---000-0-slo-d
040 |a STU  |b slo 
041 0 |a slo 
100 1 |a Čička, Matej  |u 059190  |k Z4  |4 aut  |U FAD Fakulta architektúry  |T FA Ústav dizajnu  |X 70409  |U A9190  |Y 400  |7 70409 
242 0 1 |a The composter for a biogas plant  |y eng 
245 1 0 |a Kompostér na výrobu bioplynu 
260 |c 2019  |a Bratislava 
650 4 |a bioplyn  |2 slo 
650 4 |a komposter  |2 slo 
650 4 |a anaeróbna digescia  |2 slo 
650 4 |a kreativita  |2 slo 
650 4 |a alternatívny zdroj  |2 slo 
650 4 |a biogas  |2 eng 
650 4 |a composter  |2 eng 
650 4 |a alternative source  |2 eng 
650 4 |a anaerobic digestion  |2 eng 
650 4 |a creativity  |2 eng 
700 1 |a Paliatka, Peter  |u 059190  |k Z1  |4 ths  |U FAD Fakulta architektúry  |T FA Ústav dizajnu  |X 332  |U A9190  |Y 400  |7 A000000332 
856 4 |u http://is.stuba.sk/zp/portal_zp.pl?podrobnosti=139705  |u https://opac.crzp.sk/?fn=detailBiblioForm&sid=3BEC39B52C756B70CF0515A5CC71